Monts du Cantal - Statistiques

Statistiques générales
  • Ce quiz a été pris 35 fois
  • Le résultat moyen est 8 sur 56
Statistiques - réponses
Altitude (m) Sommet % Correct
1783 Puy Mary
96%
1855 Plomb du Cantal
93%
1690 Puy Griou
85%
1669 Téton de Vénus
56%
1592 Puy Violent
44%
1736 Puy Chavaroche
41%
1699 Bec de l'Aigle
33%
1811 Puy du Rocher
33%
1514 Le Griounou
30%
1806 Puy de Peyre-Arse
30%
1571 L'Elancèze
26%
1704 Puy de la Tourte
26%
1633 Roc des Ombres
22%
1677 Puy Bataillouse
19%
1647 Puy de Seycheuse
19%
1498 Puy de l'Usclade
15%
1806 Puy Brunet
11%
1525 Cabrespine
7%
1521 Le Courpou Sauvage
7%
1580 Le Piquet
7%
1524 Puy de Prat-de-Bouc
7%
1614 Roc d'Hozières
7%
1447 Rocher du Cerf
7%
1650 Roche Taillade
7%
1678 La Chapeloune
4%
1777 L'Arpon du Diable
4%
1396 Le Suc
4%
1612 Peyre Ourse
4%
1441 Puy de Bassierou
4%
1768 Puy de la Cède
4%
1500 Puy de la Poche
4%
1395 Puy de Masseboeuf
4%
1594 Puy Gros
4%
1562 Suc de la Blatte
4%
1516 La Cumine
0%
1665 L'Aiguillon
0%
1610 Le Peylat
0%
1477 Puech Bernis
0%
1464 Puy de Bâne
0%
1648 Puy de Grandval
0%
1555 Puy de la Belle-Visite
0%
1436 Puy de la Jambe
0%
1384 Puy de la Molède
0%
1620 Puy de Niermont
0%
1493 Puy de Niermont
0%
1525 Puy d'Orset
0%
1642 Puy Gerbel
0%
1375 Puy Masso
0%
1458 Puy Tariol
0%
1427 Roc du Chauve
0%
1459 Roche Parlante
0%
1717 Rocher de la Sagne du Porc
0%
1599 Rocher de l'Aygue
0%
1641 Rochers de Chamalière
0%
1580 Suc de Rond
0%
1402 Suc du Lac
0%
Aucun quiz correspondant
Distribution des résultats
% des personnes avec chaque résultat
Percentile par nombre de réponses
Votre historique - résultats
Vous n’avez pas pris ce quiz